[Event "HCL-A2573"]
[Site "www.playchess.de"]
[Date "2006.02.24"]
[Round "5"]
[White "scotty4u"]
[Black "Andy1"]
[WhiteElo "1332"]
[BlackElo "1488"]
[PlyCount "53"]
[Result "1-0"]

1.e4 d5 2.exd5 Nf6 3.Nc3 Nxd5 4.Nxd5 Qxd5 5.d4 Nc6 
6.c3 Bf5 7.Nf3 O-O-O 8.Be2 e5 9.dxe5 Qe4 10.Qb3 
Nxe5 11.Nxe5 Qxe5 12.Be3 Be6 13.c4 Bc5 14.Bxc5 
Qxc5 15.O-O Rd2 16.Bf3 c6 17.Qc3 Qg5 18.h4 Qh6 
19.Rad1 Rhd8 20.Rxd2 Rxd2 21.Rd1 Rxd1+ 22.Bxd1 f6 
23.g3 g5 24.Qd4 b6 25.Qe4 Bd7 26.Bg4 Kc7 
27.Qe7 1-0

[Event "HCL-E1571"]
[Site "www.playchess.de"]
[Date "2006.02.24"]
[Round "13"]
[White "golddim"]
[Black "yannick"]
[WhiteElo "1447"]
[BlackElo "1553"]
[PlyCount "80"]
[Result "0-1"]

1.e4 {Bon jour :)}  d6 {bonsoir bonne partie}  
2.d4 {Merci}  Nf6 3.Nc3 g6 4.Bg5 c6 5.Bd3 Qb6 
6.Nge2 Qxb2 7.Rb1 Qa3 8.O-O Be6 9.Bxf6 exf6 10.d5 
Bg4 11.Rb3 Qa5 12.Qb1 Nd7 13.Rxb7 Bxe2 14.Nxe2 Nc5 
15.Rb8+ Rxb8 16.Qxb8+ Ke7 17.dxc6 Bg7 18.Qb5 Qxa2 
19.c7 Nxd3 20.cxd3 Qxe2 21.Qb7 Ke6 22.c8Q+ Rxc8 
23.Qxc8+ Ke7 24.Qg8 Bh6 25.Qxh7 Bd2 26.Ra1 a5 
27.Qh3 Bc3 28.Rc1 Qb2 29.Rd1 a4 30.Qc8 a3 31.Qc7+ 
Ke6 32.f4 a2 33.Qc6 Ke7 34.Qc7+ Kf8 35.Qxd6+ Kg7 
36.e5 Bd4+ 37.Kh1 fxe5 38.f5 a1Q 39.f6+ Kh7 {sorry 
for you mat 3}  40.h3 {I can't see that yet :)}  
Qxd1+ {I see mat 2}  0-1

[Event "HCL-E1571"]
[Site "www.playchess.de"]
[Date "2006.02.24"]
[Round "9"]
[White "alldrix"]
[Black "golddim"]
[WhiteElo "1645"]
[BlackElo "1447"]
[PlyCount "127"]
[Result "1-0"]

1.e4 {hi golddim!}  c6 {Hello. Best wishes for 
this game}  2.d4 {thanks, likewise}  d5 3.Nc3 dxe4 
4.Nxe4 Bf5 5.Ng3 Bg6 6.Nf3 Nd7 7.Bd3 Bxd3 8.Qxd3 
Ngf6 9.O-O e6 10.Re1 Be7 11.Bf4 O-O 12.Re2 c5 
13.Rae1 cxd4 14.Qxd4 Bc5 15.Qd3 Qb6 16.c3 Rfd8 
17.Qc2 Rac8 18.Ne5 Nd5 19.Bd2 N7f6 20.Bg5 Nb4 
21.Qb3 Nd3 22.Qxb6 Bxb6 23.Nxd3 Rxd3 24.Bxf6 gxf6 
25.Ne4 Kg7 26.Kf1 Rcd8 27.f3 f5 28.Nf2 R3d2 
29.Rxd2 Rxd2 30.Re2 Rxe2 31.Kxe2 f6 {(offering 
draw)}  32.b4 Kf7 33.c4 a5 34.b5 Ke7 35.Nd3 Bd4 
36.Nf4 Bg1 37.h3 Bh2 38.Nd3 b6 39.a4 Kd6 40.Kd2 
Bg1 41.Kc3 e5 42.g4 fxg4 43.hxg4 Ke6 44.Ne1 f5 
45.Kd3 fxg4 46.fxg4 Bf2 47.Nf3 Kd6 48.Ng5 Ke7 
49.Nxh7 Bh4 50.Ke4 Kf7 51.g5 Kg7 52.Nf6 Bxg5 
53.Nd7 Bd8 54.Kxe5 Kg6 55.Kd6 Kf5 56.Kc6 Ke4 
57.Nxb6 Kd4 58.c5 Kc3 59.Kb7 Kb4 60.c6 Bxb6 
61.Kxb6 Kxa4 62.c7 Kb4 63.c8Q a4 
64.Qg4+ 1-0

[Event "HCL-B3728"]
[Site "www.playchess.de"]
[Date "2006.02.24"]
[Round "1"]
[White "Mortalpawn"]
[Black "GCP"]
[WhiteElo "1262"]
[BlackElo "1538"]
[PlyCount "65"]
[Result "1-0"]

1.e4 d6 {hello from Rome, have a good game}  2.d4 
Nf6 3.Nc3 {Hi from the US!  Good luck!}  g6 4.Nf3 
Bg7 5.Bd3 Nc6 6.Ne2 Bg4 7.Ng3 e5 8.d5 Nd4 9.Be2 
Nxe2 10.Qxe2 Qd7 11.O-O O-O-O 12.Qe3 Bxf3 13.Qxf3 
h5 14.h3 h4 15.Ne2 Nh5 16.Bg5 f6 17.Bxh4 g5 18.Bg3 
Rdf8 19.a4 f5 20.exf5 Rxf5 21.Qe3 a6 22.Qa7 Kd8 
23.Qxb7 Nf4 24.Qxa6 Nxg2 25.Kxg2 e4 26.Qa7 Rxd5 
27.Rfh1 Qf5 28.Raf1 Qf3+ 29.Kg1 Qxe2 30.Qa8+ Ke7 
31.Qxd5 Qxc2 32.Qxg5+ Kf7 33.Rc1 1-0

[Event "HCL-C4129"]
[Site "www.playchess.de"]
[Date "2006.02.24"]
[Round "3"]
[White "Henri"]
[Black "elfrun"]
[WhiteElo "790"]
[BlackElo "902"]
[PlyCount "40"]
[Result "0-1"]

1.e4 {Hello ! Bonjour et Bonne Partie}  e5 {oh, 
hello! it's you again :o)}  2.Nf3 Nf6 3.Nc3 d5 
4.exd5 Nxd5 5.Bc4 Nxc3 6.bxc3 f6 7.d3 Bg4 {quite 
some action in this game!}  8.h3 Bxf3 9.Qxf3 c6 
10.Bb3 a5 11.d4 a4 12.Be6 exd4 13.O-O dxc3 14.Qxc3 
c5 15.Qc4 Nc6 16.Bg4 Be7 17.Ba3 Ne5 18.Qe4 Qc7 
19.f4 Nxg4 20.f5 Qh2+ {???}  0-1

[Event "HCL-M813"]
[Site "www.playchess.de"]
[Date "2006.02.24"]
[Round "14"]
[White "Lan"]
[Black "BDG_Girl"]
[WhiteElo "2036"]
[BlackElo "1974"]
[PlyCount "77"]
[Result "1-0"]

1.e4 {hi from:)http://www.gov.si/}  d5 {Looking 
forward to an interesting game!}  2.exd5 Qxd5 
3.Nc3 Qa5 4.d4 Nf6 5.Nf3 c6 6.Bd2 Bf5 7.Bc4 e6 
8.Nd5 Qd8 9.Nxf6+ Qxf6 10.Qe2 Bxc2 11.O-O Bf5 
12.d5 Bg4 13.dxe6 fxe6 14.Bc3 Qg6 15.Rfe1 Nd7 
16.Bxe6 Bxe6 17.Qxe6+ Qxe6 18.Rxe6+ Kf7 19.Rae1 
Rd8 20.Ng5+ Kg8 21.R6e8 Rxe8 22.Rxe8 h6 23.Ne4 Nf6 
24.Nxf6+ gxf6 25.Bxf6 Rh7 26.Rd8 Rf7 {Merry 
Christmas and may God Bless you and your family!}  
27.Be5 {Thx, same to you, Merry Christmas!}  Kh7 
28.f4 Bg7 29.Bxg7 {I wish you a very good 2006 !!} 
 Kxg7 30.g3 c5 31.Kf2 Rc7 32.g4 c4 33.h4 c3 
34.bxc3 Rxc3 35.Rd7+ Kf8 36.Rxb7 Rc2+ 37.Kf3 Rxa2 
38.g5 hxg5 39.hxg5 1-0

[Event "HCL-C4154"]
[Site "www.playchess.de"]
[Date "2006.02.24"]
[Round "7"]
[White "Veltliner"]
[Black "Idris"]
[WhiteElo "800"]
[BlackElo "844"]
[PlyCount "49"]
[Result "1-0"]

1.e3 d5 2.Nc3 e6 3.a3 Nc6 4.Nf3 Bd7 5.d4 Bd6 6.Bd3 
Nf6 7.Nb5 Qe7 8.O-O e5 9.dxe5 Nxe5 10.Nxd6+ Qxd6 
11.Re1 Nxd3 12.cxd3 Ng4 13.e4 dxe4 14.Rxe4+ Be6 
15.h3 Nf6 16.Rd4 Qc5 17.Be3 O-O 18.Rh4 Qe7 19.Qc2 
Qd7 20.Bg5 Bxh3 21.Rxh3 h6 22.Bxf6 g5 23.Rxh6 Qf5 
24.Nxg5 Rfe8 25.Rh8+ 1-0

[Event "HCL-C4169"]
[Site "www.playchess.de"]
[Date "2006.02.24"]
[Round "9"]
[White "dg"]
[Black "claytongonca"]
[WhiteElo "1211"]
[BlackElo "800"]
[PlyCount "99"]
[Result "1-0"]

1.e4 {hi and welcome}  e5 {hello, you too, good 
luck!}  2.Nf3 Nc6 3.Bb5 a6 4.Bxc6 bxc6 5.Nc3 d6 
6.h3 Nf6 7.a3 d5 8.exd5 cxd5 9.Nxe5 Bb7 10.O-O Ne4 
11.Re1 f6 12.Ng4 Be7 13.Nxe4 dxe4 14.d3 exd3 
15.Qxd3 Qxd3 16.cxd3 f5 17.Ne5 Bd6 18.Ng6+ Kd7 
19.Nxh8 Rxh8 20.Bg5 Re8 21.Rxe8 Kxe8 22.g4 fxg4 
23.hxg4 h6 24.Be3 Be5 25.f4 Bd6 26.Kh2 c5 27.Kh3 
g6 28.Re1 Kf7 29.Kh4 Kf6 30.g5+ hxg5+ 31.fxg5+ Kf5 
32.Rf1+ Ke6 33.Rf6+ Kd7 34.Rxg6 a5 35.Rg7+ Kc6 
36.g6 Be5 37.Rf7 Bxb2 38.g7 Bxg7 39.Rxg7 a4 40.Rg5 
Kd6 41.Bxc5+ Kc6 42.d4 Kb5 43.Bb4+ Kc4 44.Bc5 Kb3 
45.d5 Kc4 46.d6 Bc6 47.Bb4 Kb3 48.Rg6 Ka2 49.Rg7 
Bd5 50.d7 1-0

[Event "HCL-E1451"]
[Site "www.playchess.de"]
[Date "2006.02.24"]
[Round "5"]
[White "UGY"]
[Black "siroos"]
[WhiteElo "1808"]
[BlackElo "1984"]
[PlyCount "87"]
[Result "1-0"]

1.e4 {Hello from Budva, Montenegro and good luck.} 
 c5 {hi}  2.Nf3 e6 3.d4 cxd4 4.Nxd4 Nc6 5.Nc3 Nf6 
6.Bf4 d6 7.Bb5 Bd7 8.Nf3 a6 9.Be2 e5 10.Bg5 Be6 
11.O-O Be7 12.Qd2 Qc7 13.Rfd1 Rd8 14.Bxf6 Bxf6 
15.Nd5 Bxd5 16.Qxd5 O-O 17.c4 Ne7 18.Qd3 g6 19.b4 
Bg7 20.Qb3 Kh8 21.a4 h6 22.a5 f5 23.Bd3 f4 24.Be2 
g5 25.h3 Qc6 26.Qb1 Qe8 27.b5 Nc8 28.bxa6 bxa6 
29.Qb7 Qg6 30.Qxa6 h5 31.Nh2 Qxe4 32.Bd3 Qd4 
33.Nf3 Qa7 34.Qxa7 Nxa7 35.Nxg5 e4 36.Bxe4 Bxa1 
37.Rxa1 Rde8 38.Bd5 Re7 39.a6 Rf5 40.h4 Kg7 41.Rb1 
Rfe5 {(offering draw)}  42.Rb6 Rd7 43.Ne6+ Kh8 
44.Rb8+ 1-0

[Event "HCL-E1546"]
[Site "www.playchess.de"]
[Date "2006.02.24"]
[Round "15"]
[White "FlatoA"]
[Black "PLAYCHESS1963"]
[WhiteElo "1424"]
[BlackElo "1707"]
[PlyCount "66"]
[Result "1/2-1/2"]

1.e4 c5 2.b4 e5 3.Nf3 cxb4 4.Nxe5 Nc6 5.Nxc6 dxc6 
6.d4 Nf6 7.Qd3 Be7 8.Be2 O-O 9.O-O Qb6 10.Bb2 Rd8 
11.Rd1 Bg4 12.f3 Be6 13.Kh1 Rac8 14.c4 Rc7 15.d5 
cxd5 16.cxd5 Bc8 17.Nd2 Qa6 18.Qxa6 bxa6 19.Nc4 
Ne8 20.e5 Bg5 21.Bc1 Bxc1 22.Raxc1 Bb7 23.d6 Rc5 
24.Kg1 g6 25.f4 Ng7 26.Ne3 Rxc1 27.Rxc1 Ne6 28.g3 
Kf8 29.Bd1 Rc8 30.Rxc8+ Bxc8 31.Ba4 Nc5 32.Bc6 Be6 
33.Bd5 Bxd5 {(offering draw)}  1/2-1/2

[Event "HCL-M869"]
[Site "www.playchess.de"]
[Date "2006.02.24"]
[Round "4"]
[White "jonaslo"]
[Black "SSOF"]
[WhiteElo "1751"]
[BlackElo "1916"]
[PlyCount "30"]
[Result "0-1"]

1.e4 {Saluti da Stoccolma}  e5 {Saluti da Torino e 
buon anno a te, Jenny e Hugo.}  2.Nf3 {Grazie, 
altretanto!}  Nc6 3.Bb5 Bc5 4.O-O d6 5.c3 f5 6.d4 
Bb6 7.dxe5 fxe4 {Non mi piace la Spagnola ed 
inverto l'ordine delle mosse ottenendo quindi un 
immediato svantaggio!}  8.exd6 {A mi, mi piace 
molto la Spagnola - con le bianche! Ma mi sembra 
che la f7-5 apre tutto il fianco del ré. Saluti da 
Roma, dove abito da alcuni mesi.}  exf3 9.Re1+ Kf8 
{Allora verrà a vedere i giochi a Torino!! f5 è un 
brutto tentativo di variare la strada principale}  
10.Qxf3+ {Purtroppo saranno i miei colleghi che 
vanno a Torino, io rimango a Roma. Adesso non só 
se posso conservare il ventaggio.}  Nf6 {Mi 
dispiace per i giochi e temo che anche il 
vantaggio sia invero sparito!}  11.Bxc6 {Vediamo 
se si puo ricuperare un poco del materiale}  Bg4 
12.Qg3 bxc6 13.Bf4 Qd7 14.Nd2 Nh5 15.Qe3 Bxe3 
{Qualcosa ti ha distratto da una partita 
eccellente?}  0-1

[Event "HCL-A2574"]
[Site "www.playchess.de"]
[Date "2006.02.24"]
[Round "1"]
[White "kilani"]
[Black "gambitfan"]
[WhiteElo "1700"]
[BlackElo "1420"]
[PlyCount "43"]
[Result "1-0"]

1.e4 c5 2.Nf3 d6 3.d4 cxd4 4.Nxd4 Nf6 5.Nc3 a6 
6.Bd3 e6 7.Bg5 Be7 8.O-O O-O 9.a3 b5 10.h3 Bb7 
11.Re1 Nbd7 12.Be3 Ne5 13.f4 Nxd3 14.cxd3 Nd7 
15.b4 Bh4 16.Rf1 f5 17.Nxe6 Qf6 18.Nxf8 Qxc3 
19.Nxd7 Bxe4 20.Qd2 Qxd2 21.Bxd2 Bxd3 
22.Rfc1 1-0

[Event "HCL-C4134"]
[Site "www.playchess.de"]
[Date "2006.02.24"]
[Round "17"]
[White "nichju"]
[Black "Azimut"]
[WhiteElo "1067"]
[BlackElo "800"]
[PlyCount "78"]
[Result "0-1"]

1.e4 {Greetings from Germany and good luck to you} 
 b6 {Hello from Paris and best wishes to you.}  
2.d4 Bb7 3.Nf3 Bxe4 4.Be2 g6 5.Nc3 Bb7 6.Bg5 d6 
7.Bb5+ Nd7 8.O-O h6 9.Be3 e6 10.Qe2 a6 11.Bd3 Bg7 
12.Ne4 Ne7 13.c4 O-O 14.b4 f5 15.Ned2 e5 16.dxe5 
dxe5 17.Bc2 e4 18.Nd4 Qc8 19.Ne6 Bxa1 20.Nxf8 Qxf8 
21.Rxa1 Kh7 22.Rd1 Rd8 23.f3 Nf6 24.fxe4 Bxe4 
25.Nxe4 Rxd1+ 26.Qxd1 fxe4 27.Bd4 Neg8 28.Be5 Qxb4 
29.Bxe4 Nxe4 30.Qd7+ Ne7 31.h3 Qc5+ 32.Bd4 Qd6 
33.Qxd6 Nxd6 34.Bf6 Nc6 35.g4 Nxc4 36.h4 Nb4 
37.Kf2 Nxa2 38.Kf3 Nb4 39.Kf4 Nd5+ 0-1

[Event "HCL-A2564"]
[Site "www.playchess.de"]
[Date "2006.02.24"]
[Round "9"]
[White "Andy1"]
[Black "scotty4u"]
[WhiteElo "1488"]
[BlackElo "1332"]
[PlyCount "51"]
[Result "1-0"]

1.e4 e5 2.Nf3 Nc6 3.d4 exd4 4.Bc4 h6 5.Nxd4 Nxd4 
6.Qxd4 d6 7.O-O c5 8.Qd3 Be6 9.Bxe6 fxe6 10.Nc3 a6 
11.Rd1 Nf6 12.e5 dxe5 13.Qg6+ Ke7 14.Rxd8 Rxd8 
15.Be3 b6 16.h3 Nd5 17.Nxd5+ Rxd5 18.Kf1 Kd6 
19.Ke2 b5 20.Rd1 h5 21.h4 a5 22.f4 Rxd1 23.Kxd1 
exf4 24.Bxf4+ Kd5 25.Kd2 e5 26.Bg5 1-0

[Event "HCL-A2610"]
[Site "www.playchess.de"]
[Date "2006.02.24"]
[Round "6"]
[White "lunchpail"]
[Black "hal1958"]
[WhiteElo "1433"]
[BlackElo "1428"]
[PlyCount "73"]
[Result "1-0"]

1.d4 Nf6 2.Nd2 d5 3.e3 Bf5 4.Ngf3 e6 5.c4 c5 6.Qb3 
Qc7 7.cxd5 Nxd5 8.Ne5 cxd4 9.Bb5+ Nc6 10.Qa4 Nde7 
11.Ndf3 dxe3 12.Bxe3 a6 13.Rc1 Rc8 14.Bxc6+ Nxc6 
15.O-O Bd6 16.Nxc6 bxc6 17.Nd4 Be4 18.Nxe6 Bxh2+ 
19.Kh1 Bxg2+ 20.Kxg2 {holy cow!   :-(}  fxe6 {I 
don't know if it was good. But I'm sure you didn't 
expect those 2 Bishops.}  21.Qe4 {a complete 
surprise. interesting game!!   :-)}  Qe5 22.Qh4 
O-O 23.Qxh2 Qxh2+ 24.Kxh2 Rf5 25.Rfg1 Rh5+ 26.Kg2 
c5 27.Kf1 c4 28.Ke2 Rd5 29.Rg4 Rb5 30.Rc2 Kf7 
31.Bd4 g6 32.Bc3 Rcc5 33.Rd2 Rcd5 34.Rxc4 Rxd2+ 
35.Kxd2 Rf5 36.Rc7+ Ke8 37.Ke2 1-0

[Event "HCL-C4187"]
[Site "www.playchess.de"]
[Date "2006.02.24"]
[Round "3"]
[White "nichju"]
[Black "djpnola"]
[WhiteElo "1065"]
[BlackElo "1075"]
[PlyCount "54"]
[Result "0-1"]

1.e4 {Hi again!}  e5 {Hello.}  2.Nf3 d6 3.d4 Bg4 
4.Be2 Bxf3 5.Bxf3 exd4 6.O-O Nc6 7.Nd2 Nf6 8.Nc4 
Be7 9.Bf4 Kf8 10.Qe2 h6 11.c3 dxc3 12.bxc3 g5 
13.Be3 d5 14.exd5 Nxd5 15.Rad1 Bd6 16.Bxd5 Qf6 
17.Bxc6 bxc6 18.Qb2 Be5 19.Qb7 Re8 20.Rfe1 Kg8 
21.Nxe5 Rxe5 22.Qxc7 Re7 23.Rd8+ Kh7 24.Rxh8+ Kxh8 
25.Qd8+ Kh7 26.Qf8 a5 27.Bd4 Rxe1+ {I THOUGHT 
that's what you were planning and hoped you 
wouldn't notice why you shouldn't. Thanks for the 
game.}  0-1

[Event "HCL-T263"]
[Site "www.playchess.de"]
[Date "2006.02.24"]
[Round "2"]
[White "wbaldan"]
[Black "marceli"]
[WhiteElo "1754"]
[BlackElo "1865"]
[PlyCount "72"]
[Result "0-1"]

1.d4 f5 2.c4 Nf6 3.g3 c5 4.d5 e5 {hello & good 
luck from wiesbaden, germnay}  5.dxe6 dxe6 6.Qxd8+ 
Kxd8 7.Bf4 Nc6 8.Nf3 h6 9.Nc3 Bd7 10.O-O-O Ng4 
11.Nb5 Nxf2 12.Bg2 Nxh1 13.Bxh1 g5 14.Bd6 Bxd6 
15.Nxd6 b6 16.Ne5 Nxe5 17.Bxa8 Ke7 18.Bf3 h5 19.b3 
g4 20.Bb7 h4 21.Nb5 Bxb5 22.cxb5 hxg3 23.hxg3 Rh2 
24.Re1 c4 25.Kd1 cxb3 26.axb3 Nd7 27.Rh1 Rh3 
28.Rxh3 gxh3 29.Ke1 Nc5 30.Ba8 Nxb3 31.e3 Kd6 
32.Kf2 Ke5 33.Kg1 Na5 34.Kh2 Nc4 35.e4 fxe4 
36.Kxh3 Nd2 0-1

[Event "HCL-A2612"]
[Site "www.playchess.de"]
[Date "2006.02.24"]
[Round "19"]
[White "XANDERKIRV"]
[Black "mrchess"]
[WhiteElo "1489"]
[BlackElo "1471"]
[PlyCount "51"]
[Result "1/2-1/2"]

1.e4 {Hello and good luck.}  c5 {thanks yoiu too}  
2.Nf3 Nc6 3.d4 cxd4 4.Nxd4 d6 5.Nc3 Nf6 6.f3 g6 
7.Be3 Bg7 8.Qd2 O-O 9.O-O-O a6 10.Bh6 Bxh6 11.Qxh6 
Nxd4 12.Rxd4 Qb6 13.Rd2 Be6 14.g4 Rac8 15.h4 Qa5 
16.h5 Bxa2 17.g5 Nxh5 18.Rxh5 gxh5 19.Rh2 Rxc3 
20.Rxh5 Rxc2+ 21.Kxc2 Qc5+ 22.Kd2 Qd4+ 23.Ke1 Qe3+ 
24.Be2 Qg1+ 25.Bf1 Qe3+ 26.Be2 {(offering draw)} 
 1/2-1/2

[Event "HCL-B3641"]
[Site "www.playchess.de"]
[Date "2006.02.24"]
[Round "35"]
[White "tirailleur"]
[Black "schachsky"]
[WhiteElo "1315"]
[BlackElo "1173"]
[PlyCount "59"]
[Result "1-0"]

1.e4 {Hello, have a good game}  e5 {thx, same to 
you!}  2.Nf3 Nc6 3.Bc4 Nf6 4.Ng5 d5 5.exd5 Nxd5 
6.Nxf7 Kxf7 {a king goes out for a walk -:)}  
7.Qf3+ {Hopefully the exercise won't be good for 
him!}  Ke6 {he 's in a bad condition at this 
moment -:)}  8.Nc3 Ncb4 9.Qe4 c6 10.a3 b5 11.Bb3 
Bb7 12.axb4 g5 13.d4 Bg7 14.O-O Kd6 15.Be3 h6 
16.dxe5+ Bxe5 17.Bc5+ Ke6 18.Rfe1 Qf6 19.Bd4 Rhe8 
20.Bxe5 Qf5 21.Bg3+ Qxe4 22.Rxe4+ Kd7 23.Rae1 Nf6 
24.Be6+ Ke7 25.Bc8+ Kf8 26.R4xe8+ Nxe8 27.Bxb7 Rd8 
28.Bxc6 Nf6 29.Rd1 Rc8 30.Bxb5 1-0

[Event "HCL-E1526"]
[Site "www.playchess.de"]
[Date "2006.02.24"]
[Round "10"]
[White "BohdanL"]
[Black "PLAYCHESS1963"]
[WhiteElo "1466"]
[BlackElo "1725"]
[PlyCount "84"]
[Result "1/2-1/2"]

1.Nf3 {Hi, Merry Christmass to you and your 
family}  Nf6 {SAME TO YOU}  2.g3 d6 3.d4 g6 4.c4 
Bg7 5.Bg2 O-O 6.O-O c6 7.Nc3 Nbd7 8.Qc2 a6 9.Rd1 
Qc7 10.b3 e5 11.dxe5 Nxe5 12.Nxe5 dxe5 13.Bg5 Bf5 
14.e4 Be6 15.Qc1 Rfd8 16.Rxd8+ Rxd8 17.Bh6 Bh8 
18.Bg5 Rd7 19.Na4 b6 20.Nc3 b5 21.c5 a5 22.Qe1 Nh5 
23.Rb1 f5 24.exf5 Bxf5 25.Rd1 Bg7 26.h3 h6 27.Bxh6 
Bxh6 28.g4 b4 29.Na4 Bf4 30.gxf5 gxf5 31.Rxd7 Qxd7 
32.Nb6 Qe8 33.Nc4 e4 34.Nxa5 Bc7 35.Nc4 Qg6 36.Ne3 
Nf4 37.Kf1 Nd3 38.Qe2 Bh2 39.f3 Kf8 40.fxe4 fxe4 
41.Qg4 Qf7+ 42.Qf5 Nxc5 {(offering draw)} 
 1/2-1/2

[Event "HCL-B3641"]
[Site "www.playchess.de"]
[Date "2006.02.24"]
[Round "31"]
[White "tirailleur"]
[Black "bossjos"]
[WhiteElo "1315"]
[BlackElo "1341"]
[PlyCount "68"]
[Result "1/2-1/2"]

1.e4 {Hello, have a good game}  e5 2.Nf3 Nf6 {same 
to you !   :)}  3.d4 exd4 4.e5 Nd5 5.Bc4 Nb6 6.Bb3 
Bb4+ 7.Bd2 Bxd2+ 8.Nbxd2 O-O 9.O-O d6 10.Nxd4 dxe5 
11.N4f3 Nc6 12.Re1 Re8 13.Qe2 Bg4 14.Qe4 Bxf3 
15.Nxf3 Qf6 16.Rad1 Rad8 17.c3 Rxd1 18.Rxd1 Na5 
19.Bc2 g6 20.Nd4 Nac4 21.Nb5 Nxb2 22.Nxc7 Rb8 
23.Nd5 Nxd5 24.Rxd5 Qc6 25.Rxe5 Qxc3 26.Re8+ Rxe8 
27.Qxe8+ Kg7 28.Qe4 Nc4 29.h3 Qa1+ 30.Kh2 Qe5+ 
31.Qxe5+ Nxe5 32.Kg3 a5 33.Kf4 f6 34.Ke4 b5 
{(offering draw)}  1/2-1/2

[Event "HCL-E1534"]
[Site "www.playchess.de"]
[Date "2006.02.24"]
[Round "2"]
[White "temple"]
[Black "Kramnyk"]
[WhiteElo "1727"]
[BlackElo "2000"]
[PlyCount "39"]
[Result "1-0"]

1.d4 {Hello}  e6 2.c4 Nf6 3.Nf3 Bb4+ 4.Bd2 Be7 
5.Nc3 d5 6.e3 O-O 7.Bd3 c5 8.O-O Nc6 9.cxd5 exd5 
10.h3 h6 11.a3 Be6 12.Rc1 cxd4 13.Nxd4 Nxd4 
14.exd4 a6 15.a4 Rc8 16.Qb3 Qd7 17.Kh2 Bd6+ 18.g3 
Bxh3 19.Rfe1 Ng4+ 20.Kg1 1-0

[Event "HCL-C4079"]
[Site "www.playchess.de"]
[Date "2006.02.24"]
[Round "7"]
[White "Farquhart"]
[Black "johnalle"]
[WhiteElo "570"]
[BlackElo "1210"]
[PlyCount "24"]
[Result "0-1"]

1.e4 e5 2.Nf3 Nc6 3.d3 Nf6 4.Nc3 Be7 5.Be3 O-O 
6.Ng5 d6 7.h4 Ng4 8.Be2 Nxe3 9.fxe3 h6 10.O-O Bxg5 
11.Bh5 Bxe3+ 12.Rf2 Qxh4 0-1

[Event "HCL-C4079"]
[Site "www.playchess.de"]
[Date "2006.02.24"]
[Round "8"]
[White "johnalle"]
[Black "Farquhart"]
[WhiteElo "1210"]
[BlackElo "570"]
[PlyCount "23"]
[Result "1-0"]

1.d4 {Hello from Minnesota, USA}  d5 2.c4 dxc4 
3.e4 e6 4.Bxc4 Nc6 5.Nf3 h5 6.d5 Na5 7.Qa4+ Bd7 
8.Qxa5 Be7 9.O-O Nf6 10.dxe6 Bxe6 11.Bxe6 fxe6 
12.Nc3 1-0

[Event "HCL-B3870"]
[Site "www.playchess.de"]
[Date "2006.02.25"]
[Round "3"]
[White "Mosselman"]
[Black "schachsky"]
[WhiteElo "1345"]
[BlackElo "1193"]
[PlyCount "48"]
[Result "0-1"]

1.e4 {Hallo. veel plezier...}  e5 {dat is een tijd 
terug! Ondertussen is het jou blijkbaar beter 
vergaan op deze site. Prettige partij!}  2.Nf3 
{Ha, ik zie nu pas dat we al eens eerder een 
partij hebben gespeeld... veel geschuif met de 
koning zie ik. Je had toen al snel door dat het 
remise was.}  d6 {Ik had  de partij nog niet 
teruggekeken; maar was wel leuke remise-pot. Er 
zat voor mij niet meer in en kwijtspelen kon ik 
het op deze manier ook niet echt.
Maar laten we het nu maar anders doen -:)}  3.d4 
exd4 4.Nxd4 c5 5.Nf3 Nc6 6.Bc4 Bg4 7.Bxf7+ Kxf7 
8.Ng5+ Qxg5 9.Bxg5 Bxd1 10.Kxd1 h6 {'t is al gauw 
heavy!}  11.Bf4 {ja, ik heb ergens wat gemist...}  
g5 12.Bg3 Nf6 {tja, je begon natuurlijk al met een 
loperoffer en dacht bij paardschaak niet eraan dat 
ik paard kon slaan waarmee ik dan loper dekte,die 
je dame aanviel.Die dame had je wellicht eerst 
veilig moeten stellen; maar dat had weer een tempo 
gescheeld.}  13.Nc3 Rd8 14.Re1 Rh7 15.Ke2 Kg8 
16.Rad1 a6 17.Kf1 Rhd7 18.Nd5 Nxd5 19.Rxd5 Nd4 
20.c3 Nb5 21.Red1 Nc7 22.R5d3 c4 23.R3d4 b5 
24.Bxd6 R7xd6 0-1

[Event "HCL-B3881"]
[Site "www.playchess.de"]
[Date "2006.02.25"]
[Round "19"]
[White "Iron_Flower"]
[Black "WStanEvans"]
[WhiteElo "1238"]
[BlackElo "1386"]
[PlyCount "28"]
[Result "0-1"]

1.d4 {Hi, from Leeuwarden, the Netherlands}  f5 
{Hi from Louisville, KY (USA)}  2.c4 Nf6 3.Nc3 e6 
4.Bg5 Be7 5.Nf3 b6 6.e3 Bb7 7.Bd3 O-O 8.O-O a5 
9.Qb3 Ne4 10.Nxe4 fxe4 11.Bxe7 Qxe7 12.c5 exf3 
13.gxf3 Bxf3 14.cxb6 Qg5+ 0-1

[Event "HCL-A2603"]
[Site "www.playchess.de"]
[Date "2006.02.25"]
[Round "1"]
[White "dynamike"]
[Black "Macko"]
[WhiteElo "1475"]
[BlackElo "1781"]
[PlyCount "64"]
[Result "0-1"]

1.e4 Nc6 2.d4 d5 3.e5 a6 4.c4 dxc4 5.Nf3 b5 6.d5 
Nb4 7.Nc3 c6 8.a4 Bg4 9.axb5 Bxf3 10.Qxf3 Nc2+ 
11.Kd2 Nxa1 12.bxc6 Nb3+ 13.Kd1 Nd4 14.Qe4 Nxc6 
15.Bxc4 f6 16.f4 Na5 17.Ba2 Nh6 18.e6 Qc7 19.Ke1 
O-O-O 20.h3 g6 21.Be3 Nf5 22.Bf2 Bh6 23.g3 Nb7 
24.Ke2 Nbd6 25.Qd3 Qb7 26.Na4 Kb8 27.Nc5 Qxb2+ 
28.Kf3 Qxa2 29.Nxa6+ Ka8 30.Rb1 Rdc8 31.Rb3 Nc4 
32.Nb4 Qxb3 0-1

[Event "HCL-E1574"]
[Site "www.playchess.de"]
[Date "2006.02.25"]
[Round "14"]
[White "HOTSUN"]
[Black "gridguy"]
[WhiteElo "1629"]
[BlackElo "1629"]
[PlyCount "31"]
[Result "1-0"]

1.e4 {hi gl from london}  c5 {Hello from Seattle 
... good luck!}  2.Nf3 {thanks.}  d6 3.d4 cxd4 
4.Nxd4 Nf6 5.Nc3 a6 6.Bd3 e5 7.Nf3 Be7 8.h3 O-O 
9.O-O Nc6 10.Re1 Be6 11.Be3 d5 12.exd5 Bxd5 13.Bg5 
Qd6 14.Bxf6 Bxf6 15.Nxd5 Qxd5 16.Bxh7+ 1-0

[Event "HCL-B3769"]
[Site "www.playchess.de"]
[Date "2006.02.25"]
[Round "2"]
[White "Rekha"]
[Black "mattyboi"]
[WhiteElo "1200"]
[BlackElo "1200"]
[PlyCount "79"]
[Result "1-0"]

1.e3 b5 {hello mate how are you?
}  2.Qf3 c6 3.Bxb5 Qa5 4.Bd3 Nf6 5.Na3 Na6 6.Nc4 
Qb5 7.Nd6+ Kd8 {nice move}  8.Nxb5 cxb5 9.Qxa8 Nc5 
10.Bxb5 a6 11.Bc4 d5 12.Bxd5 e6 13.Bf3 Bd6 14.d4 
Na4 15.Bb7 Nb6 16.a4 Nxa8 17.Bxa8 Bb4+ 18.c3 Bd6 
19.Nf3 h5 20.Ng5 Rf8 21.e4 e5 22.a5 exd4 23.cxd4 
Bb4+ 24.Bd2 Bxd2+ 25.Kxd2 Re8 26.e5 Nd5 27.Bxd5 f6 
28.Nf7+ Ke7 29.Rhe1 Rd8 30.exf6+ Kf8 31.Nxd8 gxf6 
32.Ra3 h4 33.Rae3 Kg7 34.R3e7+ Kg6 35.Bf7+ Kg7 
36.Be6+ Kf8 37.Bxc8 f5 38.R1e6 f4 39.Rf7+ Kg8 
40.Re8+ 1-0

[Event "HCL-B3830"]
[Site "www.playchess.de"]
[Date "2006.02.25"]
[Round "1"]
[White "Bob-O"]
[Black "cheloveck"]
[WhiteElo "1216"]
[BlackElo "1187"]
[PlyCount "86"]
[Result "0-1"]

1.e4 {Hello and good luck to you...}  e6 {Good 
luck too}  2.e5 d6 3.Nf3 dxe5 4.Nxe5 Nf6 5.d3 Bd6 
6.d4 Bxe5 7.dxe5 Nd5 8.c4 Nb6 9.Qxd8+ Kxd8 10.Bg5+ 
Ke8 11.g3 N8d7 12.f4 h6 13.Bh4 Nxe5 14.Be2 Nexc4 
15.b3 Ne3 16.Na3 f6 17.Bh5+ Ke7 18.g4 Nbd5 19.Bg3 
Rg8 20.Bg6 Nxg4 21.O-O b6 22.Nc2 Nge3 23.Nxe3 Nxe3 
24.Rf3 Nf5 25.Be1 Bb7 26.Rd3 Be4 27.Rd2 Nd6 28.Bh5 
g5 29.f5 Bxf5 30.Bg3 g4 31.h3 Ne4 32.Rd3 gxh3 
33.Kh2 Nxg3 34.Rxg3 Rxg3 35.Kxg3 Rg8+ 36.Kf4 Rg2 
37.Re1 Rxa2 38.Rg1 Rb2 39.Rg7+ Kd6 40.Rg3 h2 
41.Bf3 Rxb3 42.Bh1 Rxg3 43.Kxg3 
c5 0-1

[Event "HCL-C4165"]
[Site "www.playchess.de"]
[Date "2006.02.25"]
[Round "21"]
[White "Veltliner"]
[Black "IRONMAIDEN"]
[WhiteElo "1382"]
[BlackElo "1232"]
[PlyCount "71"]
[Result "1-0"]

1.e3 e5 {ich grüße Dich!}  2.Nc3 {hi,alles Gute! 
Schöne Grüße aus NÖ}  d5 3.Qh5 Nc6 4.Bb5 Qd6 5.Nf3 
g6 6.Bxc6+ bxc6 7.Qxe5+ Qxe5 8.Nxe5 Bb7 9.Nf3 Bg7 
10.Ne2 Ne7 11.c3 O-O 12.b3 f5 13.Ba3 Rfe8 14.Ng5 
Ba6 15.Ne6 Rac8 16.N2d4 Bxd4 17.Nxd4 Bb7 18.Bc5 a5 
19.h4 Kf7 20.Nf3 Ng8 21.Ng5+ Kg7 22.h5 Nf6 23.hxg6 
hxg6 24.Bd4 Reh8 25.O-O-O Rxh1 26.Rxh1 Rh8 27.Rxh8 
Kxh8 28.Bxf6+ Kg8 29.Kb2 Bc8 30.f4 Bd7 31.Ka3 c5 
32.d4 cxd4 33.Bxd4 Kf8 34.Nh7+ Kf7 35.Nf6 Be6 
36.Ka4 1-0